000 00498pab a2200181 454500
008 180718b1991 xxu||||| |||| 00| 0 eng d
100 _aJoshi, A.K.
245 _aAdministering elections in India: A select bibliography
260 _c1991
300 _ap.603-636.
362 _aJul-Sep
650 _aElections- India - Bibliography
650 _aBibliography - Elections - India
650 _aElections
773 _aIndian Journal of Public Administration
908 _aN
909 _a89041
999 _c89041
_d89041